Corrosion engineering (Record no. 1267)

000 -LEADER
fixed length control field 00569nam a22002177a 4500
001 - CONTROL NUMBER
control field 1267
003 - CONTROL NUMBER IDENTIFIER
control field BD-DhUET
008 - FIXED-LENGTH DATA ELEMENTS--GENERAL INFORMATION
fixed length control field 140902b xxu||||| |||| 00| 0 eng d
020 ## - INTERNATIONAL STANDARD BOOK NUMBER
International Standard Book Number 9789848725085
040 ## - CATALOGING SOURCE
Transcribing agency 0
Modifying agency BD-DhUET
082 ## - DEWEY DECIMAL CLASSIFICATION NUMBER
Classification number 620.1122
Item number NOO/2009
100 ## - MAIN ENTRY--PERSONAL NAME
Personal name Nooruddin Ahmed
245 ## - TITLE STATEMENT
Title Corrosion engineering
Remainder of title an introductory text
250 ## - EDITION STATEMENT
Edition statement 1st ed.
260 ## - PUBLICATION, DISTRIBUTION, ETC. (IMPRINT)
Place of publication, distribution, etc. Dhaka
Name of publisher, distributor, etc. N. Ahmed and I. Mahmud
Date of publication, distribution, etc. 2009
300 ## - PHYSICAL DESCRIPTION
Extent xviii, 261 p.
504 ## - BIBLIOGRAPHY, ETC. NOTE
Bibliography, etc Includes bibliographies
650 #0 - SUBJECT ADDED ENTRY--TOPICAL TERM
Topical term or geographic name as entry element Corrosion and anti-Corrosion
700 ## - ADDED ENTRY--PERSONAL NAME
Personal name Iqbal Mahmud
942 ## - ADDED ENTRY ELEMENTS (KOHA)
Koha item type General Book
Holdings
Not for loan Damaged status Copy number Koha normalized classification for sorting Price effective from Withdrawn status Koha item type Koha issues (times borrowed) Koha out on loan Sublocation or collection (holding branch) Date acquired Location (home branch) Koha date last seen Piece designation (barcode) Koha date last borrowed Lost status Shelving location Source of classification or shelving scheme Koha full call number
  8620_000000000000000_1122NOO2002014-09-02 General Book2 Central Library, BUET2014-09-02Central Library, BUET2021-08-281075132021-08-28 Circulation section 620.1122/NOO/2009
  8620_000000000000000_1122NOO2002014-09-02 General Book25 Central Library, BUET2014-09-02Central Library, BUET2021-09-061075072021-09-06 Circulation section 620.1122/NOO/2009
  8620_000000000000000_1122NOO2002014-09-02 General Book1 Central Library, BUET2014-09-02Central Library, BUET2021-08-281075082021-08-28 Circulation section 620.1122/NOO/2009
   620_000000000000000_1122NOO2002014-09-02 General Book1 Central Library, BUET2014-09-02Central Library, BUET2021-08-281075062021-08-28 Circulation section 620.1122/NOO/2009
   620_000000000000000_1122NOO2002014-09-02 General Book1 Central Library, BUET2014-09-02Central Library, BUET2021-08-281075122021-08-28 Circulation section 620.1122/NOO/2009
   620_000000000000000_1122NOO2002014-09-02 General Book52025-12-15Central Library, BUET2014-09-02Central Library, BUET2025-12-011075092025-12-01 Circulation section 620.1122/NOO/2009
   620_000000000000000_1122NOO2002014-09-02 General Book38 Central Library, BUET2014-09-02Central Library, BUET2024-10-211075052024-10-21 Circulation section 620.1122/NOO/2009
   620_000000000000000_1122NOO2002014-09-02 General Book1 Central Library, BUET2014-09-02Central Library, BUET2021-08-281075112021-08-28 Circulation section 620.1122/NOO/2009
   620_000000000000000_1122NOO2002014-09-02 General Book1 Central Library, BUET2014-09-02Central Library, BUET2021-08-281075042021-08-28 Circulation section 620.1122/NOO/2009
  1620_112200000000000_NOO_20092018-04-28 General Book1 Central Library, BUET2010-01-13Central Library, BUET2021-08-281075102021-08-28 Circulation section 620.1122/NOO/2009